Allies of America - Statistics

General Stats
  • This quiz has been taken 126 times
    118 since last reset
  • The average score is 59 of 85
Answer Stats
Continent Answer % Correct
North America Canada
92%
North America Mexico
92%
Europe United Kingdom
90%
Oceania Australia
88%
Europe France
88%
Oceania New Zealand
88%
Europe and Asia Turkey
88%
South America Brazil
85%
Europe Germany
85%
Asia India
85%
Europe Italy
85%
Europe Spain
85%
Asia Japan
83%
South America Argentina
82%
Africa South Africa
82%
Asia South Korea
82%
Europe Sweden
82%
Europe Greece
81%
Europe Poland
81%
Europe Portugal
81%
Europe Austria
79%
Africa Egypt
79%
Asia Israel
79%
Europe Belgium
78%
Europe Bulgaria
78%
Europe Denmark
78%
Europe Estonia
78%
Europe Finland
78%
Europe Iceland
78%
Europe Ireland
78%
Europe Latvia
78%
Africa Morocco
78%
Europe Netherlands
78%
Europe Norway
78%
Europe Romania
78%
Asia Saudi Arabia
76%
Europe Slovakia
76%
Europe Ukraine
76%
South America Chile
75%
Europe Croatia
75%
Europe Hungary
75%
Europe Slovenia
75%
Europe Switzerland
75%
Europe Albania
74%
Europe Lithuania
74%
Asia Taiwan
72%
Europe Andorra
71%
Europe Czech Republic
71%
Europe Luxembourg
71%
Europe North Macedonia
71%
Europe and Asia Georgia
69%
Asia United Arab Emirates
69%
Europe Montenegro
68%
Europe Liechtenstein
67%
North America Panama
67%
Europe and Asia Armenia
65%
North America Bahamas
65%
Oceania Fiji
65%
Europe Kosovo
65%
Europe Monaco
65%
Asia Philippines
65%
Europe San Marino
65%
North America Costa Rica
63%
Europe and Asia Cyprus
63%
Europe Malta
63%
North America Jamaica
61%
Asia Thailand
61%
Europe Vatican City
61%
Asia Kuwait
60%
Oceania Palau
56%
Africa Tunisia
56%
North America Dominica
54%
Oceania F. S. Micronesia
54%
North America Barbados
53%
Asia Singapore
53%
North America St. Kitts and Nevis
53%
North America St. Lucia
53%
Asia Bahrain
51%
North America St. Vincent and the Grenadines
50%
Oceania Tonga
47%
Oceania Nauru
42%
North America Haiti
40%
Africa Liberia
33%
Africa Madagascar
24%
Africa Mauritius
19%
No matching quizzes found
Score Distribution
Percent of People with Each Score
Percentile by Number Answered
Your Score History
You have not taken this quiz since the last reset